[Event "Florianopolis op 9th"]
[Site "Florianopolis"]
[Date "2023.01.26"]
[Round "6"]
[White "Correa, Joao Pedro Vieira"]
[Black "De Souza, Paulo Goncalves"]
[Result "1-0"]
[WhiteElo "1865"]
[BlackElo "1800"]
[PlyCount "69"]
[EventDate "2023.01.23"]
[EventType "swiss"]
[EventRounds "10"]
[EventCountry "BRA"]
[SourceTitle "CBM 212 Extra"]
[Source "ChessBase"]
[SourceDate "2023.03.31"]
[SourceVersion "1"]
[SourceVersionDate "2023.03.31"]
[SourceQuality "1"]

1. e4 c5 2. Nf3 d6 3. Bb5+ Bd7 4. Bxd7+ Qxd7 5. 0-0 Nf6 6. Qe2 Nc6 7. c3 e5 8. Rd1 d5 9. exd5 Qxd5 10. d4 Rd8 11. c4 Qd6 12. d5 Be7 13. Re1 Nd4 14. Nxd4 cxd4 15. Qxe5 Qxe5 16. Rxe5 Kd7 17. Re1 Rhe8 18. Nd2 Bc5 19. Nf3 b5 20. b3 bxc4 21. bxc4 Ne4 22. Bf4 Nc3 23. Kf1 f6 24. Bd2 Rxe1+ 25. Bxe1 Rc8 26. Bxc3 dxc3 27. Ke2 Ba3 28. Kd3 Bb2 29. Re1 Rc5 30. Nd4 Ra5 31. Re7+ Kd6 32. Rxg7 Rxa2 33. Rxh7 Ra1 34. Rxa7 Rxa7 35. Nb5+ 1-0

[Event "Florianopolis op 9th"]
[Site "Florianopolis"]
[Date "2023.01.24"]
[Round "3"]
[White "Monici, Arthur Brecht De Fr"]
[Black "Correa, Joao Pedro Vieira"]
[Result "0-1"]
[WhiteElo "1511"]
[BlackElo "1865"]
[PlyCount "56"]
[EventDate "2023.01.23"]
[EventType "swiss"]
[EventRounds "10"]
[EventCountry "BRA"]
[SourceTitle "CBM 212 Extra"]
[Source "ChessBase"]
[SourceDate "2023.03.31"]
[SourceVersion "1"]
[SourceVersionDate "2023.03.31"]
[SourceQuality "1"]

1. e4 c5 2. Nf3 d6 3. c3 Nf6 4. Bd3 Nc6 5. Bc2 Qc7 6. 0-0 g6 7. d4 e5 8. dxe5 dxe5 9. Qe2 Bg7 10. Be3 b6 11. Na3 0-0 12. Nb5 Qe7 13. Bg5 a6 14. Bxf6 Bxf6 15. Na3 b5 16. Rad1 Be6 17. b3 Bg7 18. c4 b4 19. Nb1 Bg4 20. Rd2 Nd4 21. Qd3 Bxf3 22. gxf3 Bh6 23. f4 Bxf4 24. Re2 Qh4 25. h3 Nxe2+ 26. Qxe2 Qxh3 27. f3 Rad8 28. Rf2 Qh6 0-1

[Event "Pocos de Caldas op"]
[Site "Pocos de Caldas"]
[Date "2022.03.11"]
[Round "1"]
[White "Lora, Miguel Said Brasil"]
[Black "Correa, Joao Pedro Vieira"]
[Result "0-1"]
[WhiteElo "1089"]
[BlackElo "1860"]
[PlyCount "54"]
[EventDate "2022.03.11"]
[EventType "swiss"]
[EventRounds "6"]
[EventCountry "BRA"]
[SourceTitle "CBM 207 Extra"]
[Source "ChessBase"]
[SourceDate "2022.05.31"]
[SourceVersion "1"]
[SourceVersionDate "2022.05.31"]
[SourceQuality "1"]

1. e4 c5 2. Nf3 d6 3. d4 cxd4 4. Nxd4 Nf6 5. Nc3 a6 6. a4 e5 7. Nf3 Be6 8. Bg5 Nbd7 9. Qd2 Be7 10. Be2 Qc7 11. 0-0 0-0 12. Nd5 Bxd5 13. exd5 Ne4 14. Qe3 Nxg5 15. Nxg5 h6 16. Ne4 f5 17. Nc3 Bg5 18. Qg3 Rae8 19. Bh5 Rc8 20. h4 Bd2 21. Rad1 Bxc3 22. bxc3 Qxc3 23. Rd3 Qxc2 24. Qh3 e4 25. Re3 Ne5 26. g4 f4 27. Ree1 Nf3+ 0-1

[Event "Florianopolis op 6th"]
[Site "Florianopolis"]
[Date "2020.01.21"]
[Round "3"]
[White "De Souza Sa, Apolo"]
[Black "Correa, Joao Pedro Vieira"]
[Result "1-0"]
[WhiteElo "1976"]
[BlackElo "1665"]
[PlyCount "114"]
[EventDate "2020.01.20"]
[EventType "swiss"]
[EventRounds "10"]
[EventCountry "BRA"]
[SourceTitle "CBM 194 Extra"]
[Source "ChessBase"]
[SourceDate "2020.03.31"]
[SourceVersion "1"]
[SourceVersionDate "2020.03.31"]
[SourceQuality "1"]

1. d4 Nf6 2. c4 e6 3. Nc3 Bb4 4. e3 0-0 5. Bd3 d5 6. Nge2 b6 7. 0-0 Bb7 8. a3 Bd6 9. Ng3 c5 10. dxc5 bxc5 11. Qc2 Nbd7 12. b3 a6 13. Bb2 Qc7 14. Qe2 Rfd8 15. Rfd1 Rdb8 16. Rac1 Bc6 17. Bc2 Qb7 18. f3 Qc7 19. Nf1 Rd8 20. Rd2 Be7 21. Nd1 Nf8 22. Nf2 N8d7 23. Rcd1 a5 24. a4 Rab8 25. Bc3 Ra8 26. g4 Qb7 27. e4 d4 28. Bb2 e5 29. Nd3 Qc7 30. Ba3 g6 31. Qg2 Qb6 32. Qg3 Bd6 33. h3 Re8 34. Rh2 Kg7 35. Qg2 Nf8 36. Ng3 N8d7 37. Kf2 Kf8 38. Bc1 Ke7 39. Bh6 Rab8 40. h4 Rg8 41. Bg5 Nf8 42. h5 Ne6 43. Bd2 g5 44. Nf5+ Kd7 45. Qg3 Nf4 46. Qg1 Nxd3+ 47. Bxd3 Qxb3 48. Qf1 Qxa4 49. Nh6 Rg7 50. Nf5 Rgg8 51. Nh6 Rg7 52. Rc1 Qa2 53. Kg3 Qb2 54. Bxg5 Qxc1 55. Bxc1 a4 56. Rb2 Rxb2 57. Bxb2 Ng8 1-0

[Event "Sao Paulo ECP op 5th"]
[Site "Sao Paulo"]
[Date "2019.11.29"]
[Round "2"]
[White "Aranha Filho, Alvaro Zimmermann"]
[Black "Correa, Joao Pedro Vieira"]
[Result "1-0"]
[WhiteElo "2304"]
[BlackElo "1696"]
[PlyCount "125"]
[EventDate "2019.11.29"]
[EventType "swiss"]
[EventRounds "6"]
[EventCountry "BRA"]
[SourceTitle "CBM 193 Extra"]
[Source "ChessBase"]
[SourceDate "2020.01.31"]
[SourceVersion "1"]
[SourceVersionDate "2020.01.31"]
[SourceQuality "1"]

1. c4 Nf6 2. Nc3 e6 3. e4 d5 4. e5 Ne4 5. Nxe4 dxe4 6. Qg4 Qd4 7. Nf3 h5 8. Qf4 Qd8 9. Qxe4 c5 10. Be2 Nc6 11. d3 Be7 12. h4 Qc7 13. 0-0 b6 14. d4 cxd4 15. Nxd4 Nxd4 16. Qxd4 Bb7 17. Be3 f5 18. Qf4 Kf7 19. Rfd1 Rhg8 20. Qg3 g5 21. Bxg5 Bxg5 22. hxg5 h4 23. Qd3 Qxe5 24. Qd7+ Kg6 25. Qxb7 Qxe2 26. Re1 Qg4 27. Rxe6+ Kxg5 28. Qe7+ Kf4 29. Qc7+ Kg5 30. Rf1 h3 31. Qg3 hxg2 32. Rfe1 Qxg3 33. fxg3 Kg4 34. Kxg2 Rg7 35. Rf1 Rd8 36. Rf4+ Kg5 37. Re2 Rd3 38. Ref2 Kh6 39. R4f3 Rxf3 40. Kxf3 Kg5 41. Rd2 Rb7 42. b4 Rc7 43. Rc2 a5 44. bxa5 bxa5 45. c5 Rc6 46. a4 Rc8 47. c6 Rc7 48. Rc5 Rc8 49. c7 Kf6 50. Kf4 Ke6 51. Re5+ Kd6 52. Rxf5 Rxc7 53. Rxa5 Rc1 54. g4 Ke6 55. Ra6+ Kf7 56. Kg5 Rc5+ 57. Kh6 Rc1 58. Ra7+ Kg8 59. g5 Rc8 60. g6 Kh8 61. a5 Rb8 62. a6 Rc8 63. Rb7 1-0

[Event "Sao Paulo Karman Cup"]
[Site "Sao Paulo"]
[Date "2019.08.18"]
[Round "6"]
[White "Son, Augusto Chan Ho"]
[Black "Correa, Joao Pedro Vieira"]
[Result "1/2-1/2"]
[WhiteElo "1762"]
[BlackElo "1604"]
[PlyCount "66"]
[EventDate "2019.08.16"]
[EventType "swiss"]
[EventRounds "6"]
[EventCountry "BRA"]
[SourceTitle "EXT 2021"]
[Source "ChessBase"]
[SourceDate "2020.10.23"]
[SourceVersion "1"]
[SourceVersionDate "2020.10.23"]
[SourceQuality "1"]

1. e4 c5 2. Nf3 d6 3. d4 cxd4 4. Nxd4 Nf6 5. Nc3 a6 6. Be3 e5 7. Nb3 Be6 8. a4 Nbd7 9. f3 h5 10. h4 Be7 11. Qd2 Qc7 12. Bd3 Rc8 13. a5 Nc5 14. Nxc5 dxc5 15. Na4 Nd7 16. c4 Rd8 17. Qc3 Bd6 18. g3 f6 19. Bf1 Rc8 20. Bh3 Kf7 21. Bxe6+ Kxe6 22. Rh2 Ke7 23. Rd2 b5 24. axb6 Nxb6 25. Nxb6 Qxb6 26. Rad1 Rhd8 27. Rd5 Kf7 28. Qd2 Be7 29. Ra1 Rxd5 30. exd5 Rb8 31. Ra2 Bd6 32. Qc3 Ke7 33. Qa3 Qb3 1/2-1/2

[Event "Sao Paulo Karman Cup"]
[Site "Sao Paulo"]
[Date "2019.08.17"]
[Round "4"]
[White "Barros, Jardel Teti"]
[Black "Correa, Joao Pedro Vieira"]
[Result "1/2-1/2"]
[WhiteElo "1301"]
[BlackElo "1604"]
[PlyCount "52"]
[EventDate "2019.08.16"]
[EventType "swiss"]
[EventRounds "6"]
[EventCountry "BRA"]
[SourceTitle "EXT 2021"]
[Source "ChessBase"]
[SourceDate "2020.10.23"]
[SourceVersion "1"]
[SourceVersionDate "2020.10.23"]
[SourceQuality "1"]

1. e4 c5 2. Nf3 d6 3. d4 cxd4 4. Nxd4 Nf6 5. Nc3 a6 6. g3 e5 7. Nb3 h5 8. Be3 Be6 9. Be2 Nbd7 10. 0-0 Be7 11. Qd2 0-0 12. a4 Qc7 13. a5 Rac8 14. Rac1 Bxb3 15. cxb3 Rfe8 16. Na4 Qd8 17. Rxc8 Qxc8 18. Rc1 Qb8 19. Nb6 Nxb6 20. Bxb6 Rc8 21. Rc3 Rxc3 22. Qxc3 Bd8 23. Qb4 Bxb6 24. Qxb6 Nd7 25. Qe3 Qc7 26. Qc3 Qd8 1/2-1/2